Top 12 Smartest Dragon Ball Characters - Statistics

General Stats
  • This quiz has been taken 676 times
  • The average score is 6 of 12
Answer Stats
# Character % Correct
1 Bulma
91%
8 Gohan
85%
7 Vegeta
84%
6 Goku
80%
4 Piccolo
72%
2 Dr. Gero
56%
10 Krillin
56%
12 Master Roshi
54%
3 Dr. Briefs
39%
5 Vegito
12%
11 Old Kai
11%
9 Zuno
5%
No matching quizzes found
Score Distribution
Percent of People with Each Score
Percentile by Number Answered
Your Score History
You have not taken this quiz